[Event "SWE-ch"]
[Site "Borlange"]
[Date "1992.??.??"]
[Round "13"]
[White "Johansson, Jan"]
[Black "Lind, Jan Olov"]
[Result "1-0"]
[WhiteElo "2390"]
[BlackElo "2345"]

1.e4 c5 2.Nf3 e6 3.d4 cxd4 4.Nxd4 a6 5.Nc3 Qc7 6.g3 Bb4 7.Ne2 Nf6 8.Bg2 Be7
9.O-O O-O 10.Nf4 Nc6 11.g4 d6 12.g5 Nd7 13.Nd3 b5 14.f4 Bb7 15.Be3 Nb6 16.Qg4 Nc4
17.Rae1 Nxe3 18.Rxe3 Qb6 19.Rf3 Nd4 20.Rf2 Nxc2 21.Rh3 Ne3 22.Qh5 h6 23.Rg3 Qd4
24.gxh6 g6 25.f5 exf5 26.exf5 Nxg2 27.fxg6 fxg6 28.Qxg6+ Kh8 29.Qg7+ Qxg7
30.hxg7+ Kh7 31.gxf8=Q Rxf8 32.Rxf8 Bxf8 33.Rxg2 Bxg2 34.Kxg2 Kg6 35.Kf3 Kf5
36.Ne2 Bg7 37.b3 a5 38.Ke3 Bh6+ 39.Kd4 Ke6 40.Ndf4+ Kd7 41.Kd5 Bg7 42.Ng3 Be5
43.Ng6  1-0

[Event "Bozen op"]
[Site "Bozen"]
[Date "1992.??.??"]
[Round "3"]
[White "Loncar, Robert"]
[Black "Forintos, Gyozo V"]
[Result "1/2-1/2"]
[WhiteElo "2265"]
[BlackElo "2445"]

1.e4 c5 2.Nf3 e6 3.d4 cxd4 4.Nxd4 a6 5.Nc3 Qc7 6.Bd3 Bd6 7.Nf3 Nc6 8.O-O Nge7
9.Be3 b6 10.Qd2 Ng6 11.Rfd1 Be7 12.Be2 O-O 13.Nd5 exd5 14.exd5 Bf6 15.dxc6 dxc6
16.Qd6 Qb7 17.Bd4 Be7 18.Qg3 c5 19.Bc3 Bf5 20.Bd3 Bxd3 21.Rxd3 Rad8 22.Rad1 Rxd3
23.Rxd3 b5 24.Ne5 b4 25.Rd7 Qe4 26.Nxg6 hxg6 27.Qe5 Qxe5 28.Bxe5 Re8 29.Kf1 a5
30.b3 g5 31.g4 Kh7 32.h3 Kg6 33.Bd6 Bxd6 34.Rxd6+ f6 35.Rd5 Rc8 36.Ke2 a4
37.Kd3 axb3 38.axb3 Rh8 39.Rxc5 Rxh3+ 40.Ke2 Rh8 41.Rc4 Rb8 42.Kd3 Rd8+ 43.Rd4 Rb8
44.Rd7 Kh6 45.Rd5 Rc8 46.Rd4 Rb8 47.c4 bxc3 48.Kxc3 g6 49.b4 f5 50.f3 Kg7
51.Rd5 Kf6 52.Kc4 Ke6 53.Ra5 Re8 54.b5 Ke5 55.b6+ Kf4 56.gxf5 gxf5 57.b7 Rb8
58.Rb5 Kxf3 59.Rxf5+ Ke3 60.Rf7 g4 61.Rg7 Kf2 62.Kc5 g3 63.Kc6 g2 64.Kc7 Rf8
65.b8=Q Rxb8 66.Kxb8 g1=Q 67.Rxg1 Kxg1  1/2-1/2

[Event "Bucaramanga"]
[Site "Bucaramanga"]
[Date "1992.??.??"]
[Round "2"]
[White "Martin del Campo, Roberto"]
[Black "Dlaykan, Fernando"]
[Result "1-0"]
[WhiteElo "2410"]
[BlackElo "2210"]

1.e4 c5 2.Nc3 e6 3.Nf3 a6 4.d4 cxd4 5.Nxd4 Nc6 6.f4 d6 7.Be3 Nf6 8.Qf3 Qc7
9.O-O-O e5 10.Nf5 g6 11.fxe5 Bxf5 12.exd6 Bxd6 13.exf5 Ne5 14.Qh3 O-O 15.Bg5 Neg4
16.Qf3 Rac8 17.Bd3 Ne5 18.Qh3 Nxd3+ 19.Qxd3 Bf4+ 20.Bxf4 Qxf4+ 21.Kb1 Qxf5
22.Qxf5 gxf5 23.Rhf1 Rc5 24.Ne2 Ng4 25.Rd7 Re8 26.Nd4 Nxh2 27.Rh1 Rce5 28.a4 Ng4
29.Rxb7 Ne3 30.Rh6 Re4 31.c3 Rg4 32.Rxa6 Rxg2 33.a5 Nd5 34.Rc6 Ra8 35.a6 Rf2
36.a7 Kg7 37.Ne6+  1-0

[Event "Bucharest-B"]
[Site "Bucharest"]
[Date "1992.??.??"]
[Round "?"]
[White "Pasarelu, Dan"]
[Black "Badea, Bela"]
[Result "0-1"]
[WhiteElo "2305"]
[BlackElo "2435"]

1.e4 c5 2.Nf3 e6 3.d4 cxd4 4.Nxd4 a6 5.Nc3 Qc7 6.Be2 Nf6 7.O-O Bb4 8.Bf3 O-O
9.Nce2 Nc6 10.Bg5 Be7 11.Bf4 Ne5 12.Nc3 b5 13.Re1 d6 14.a4 b4 15.Na2 Rb8
16.Bd2 d5 17.exd5 Nxf3+ 18.Qxf3 Nxd5 19.c3 Bb7 20.Qg4 Nf6 21.Bf4 Qd7 22.Qh3 Rbd8
23.Be5 bxc3 24.Nxc3 Ba8 25.Re3 Qb7 26.Rg3 g6 27.Rf3 Qxb2 28.Rb1 Qd2 29.Rxf6 Bxf6
30.Bxf6 Rxd4 31.Bxd4 Qxd4 32.Rd1 Qc4 33.Qe3 Rc8 34.Rc1 Qb4 35.h3 Qb7 36.f3 Qb4
37.Kh2 Qd6+ 38.Kg1 Qc5 39.Kf2 Kf8 40.Ne2 Qxe3+ 41.Kxe3 Rxc1 42.Nxc1 Bc6 43.a5 Ke7
44.Nd3 Kd6 45.h4 Bb5 46.Nf2 Bc6 47.g4 h6 48.f4 Kc5 49.g5 h5 50.Ne4+ Kb4 51.Nd6 Kxa5
52.Nxf7 Kb4 53.Kd4 a5 54.Ne5 Bb5 55.Nf3 a4 56.Ke5 a3 57.Nd4 Bd3  0-1

[Event "Bucharest-B"]
[Site "Bucharest"]
[Date "1992.??.??"]
[Round "?"]
[White "Mircov, Nicolae"]
[Black "Badea, Bela"]
[Result "1/2-1/2"]
[WhiteElo "2210"]
[BlackElo "2435"]

1.e4 c5 2.Nf3 e6 3.d4 cxd4 4.Nxd4 a6 5.Nc3 Qc7 6.Be2 Nc6 7.O-O Bd6 8.g3 Nxd4
9.Qxd4 Nf6 10.Be3 Be5 11.Qd3 Bxc3 12.bxc3 d5  1/2-1/2

[Event "Bucharest-B"]
[Site "Bucharest"]
[Date "1992.??.??"]
[Round "?"]
[White "Micalizzi, Giovanni"]
[Black "Itkis, Boris"]
[Result "1-0"]
[WhiteElo "2325"]
[BlackElo "2450"]

1.e4 c5 2.Nf3 e6 3.d4 cxd4 4.Nxd4 a6 5.Nc3 d6 6.g3 Nf6 7.Bg2 Bd7 8.O-O Nc6
9.Re1 Be7 10.a4 O-O 11.Be3 Ne5 12.h3 Rc8 13.Kh2 Qc7 14.f4 Nc4 15.Bc1 Rfd8
16.b3 Na5 17.Bb2 e5 18.Nf3 exf4 19.gxf4 d5 20.e5 Bb4 21.exf6 Bxc3 22.Bxc3 Qxf4+
23.Kh1 Rxc3 24.Qxd5 Rf8 25.Qxd7 Rxf3 26.Re8 gxf6 27.Rxf8+ Kxf8 28.Qd8+ Kg7
29.Qxa5 Rf2 30.Rg1 Qg3 31.Qb4 f5 32.Qxb7 f4 33.Qe4 h5 34.Qe5+ Kf8 35.Qh8+ Ke7
36.Re1+ Kd6 37.Qd4+  1-0

[Event "Bucharest"]
[Site "Bucharest"]
[Date "1992.??.??"]
[Round "?"]
[White "Milu, Romeo Sorin"]
[Black "Vasilescu, Lucian"]
[Result "1-0"]
[WhiteElo "2420"]
[BlackElo "2430"]

1.e4 c5 2.Nf3 e6 3.d4 cxd4 4.Nxd4 a6 5.Nc3 Qc7 6.Bd3 Nf6 7.O-O Bd6 8.Kh1 Nc6
9.Nxc6 dxc6 10.f4 e5 11.f5 b5 12.a4 b4 13.Nb1 Bb7 14.Nd2 h5 15.Nc4 Bc5 16.a5 Ng4
17.Qe1 Rd8 18.Bg5 f6 19.Bd2 b3 20.Bc3 Bd4 21.h3 bxc2 22.Bxc2 Nh6 23.Qg3 Kf8
24.Nd2 c5 25.Nf3 Nf7 26.Rfe1 Nd6 27.Nh4 Ke8 28.Ba4+ Nb5 29.Bxb5+ axb5 30.a6 Ba8
31.Ba5 Qf7 32.Ng6 Rg8 33.Bxd8 Kxd8 34.Qa3 b4 35.Qa5+ Qc7 36.Qa2 Re8 37.Rac1 Kc8
38.Re2 Kb8 39.Nh4 Ka7 40.Nf3 Re7 41.Nd2 Bc6 42.Nc4 Bb5 43.Ra1 Rd7 44.Qb3 Qc8
45.Ra5 Bc6 46.Qc2 Qd8 47.Re1 g6 48.fxg6 Rg7 49.Qd1 Rxg6 50.Rxc5 Qe8 51.Rxc6 Qxc6
52.Qxh5 Rg7 53.Qh8 Rc7 54.b3 Qxa6 55.Rf1 Qa2 56.Nd6 Qa6 57.Qxf6 Qc6 58.Qd8 Bb6
59.Ra1+  1-0

[Event "Budapest GM"]
[Site "Budapest"]
[Date "1992.??.??"]
[Round "?"]
[White "Yilmaz, Turham"]
[Black "Tunik, Gennady"]
[Result "1/2-1/2"]
[WhiteElo "2390"]
[BlackElo "2450"]

1.e4 c5 2.Nf3 e6 3.d4 cxd4 4.Nxd4 a6 5.Nc3 Qc7 6.Bd3 Nc6 7.Nxc6 bxc6 8.O-O Nf6
9.Qe2 d6 10.b3 Be7 11.Bb2 O-O 12.Na4 Nd7 13.c4 c5 14.f4 Bb7 15.Rae1 Bc6 16.Qh5 Bf6
17.Bxf6 Nxf6 18.Qh4 Nd7 19.Nc3 Qd8 20.Qh3 h6 21.Bc2 Qe7 22.Rd1 Rfd8 23.Rf3 Nf8
24.Rfd3 Rd7 25.Qe3 Rad8 26.Qd2 Ng6 27.Rf1 Qf6 28.Bd1 Nf8 29.Bg4 Nh7 30.Bf3 Qg6
31.Rd1 Nf6 32.Qe2 h5 33.Qe1 Ng4 34.R1d2 Nf6 35.Qe3 Qh6 36.g3 Ne8 37.e5 dxe5
38.Bxc6 exf4 39.Qf3 Rxd3 40.Rxd3 Rxd3 41.Qxd3 Nf6 42.Qd2 g5 43.gxf4 gxf4
44.Qg2+ Kh8 45.Bf3 Nd7 46.Ne4 Ne5 47.Kf2 Ng4+ 48.Ke1 Qg7 49.Qh3 Qa1+ 50.Bd1 Kg8
51.Qxh5 Ne5 52.Qh6 Nd3+ 53.Kd2 Qc1+ 54.Kxd3 Qe3+ 55.Kc2 Qxe4+ 56.Kc1 Qd4
57.Qh3 Qa1+ 58.Kd2 Qxa2+ 59.Bc2 Qa5+ 60.Ke2 Qc7 61.Qh5 Qd6 62.h4 Qd4 63.Qh7+ Kf8
64.Qe4 Qc3 65.Qd3 Qe5+ 66.Kf1 Ke7 67.Qf3 f5 68.Bd1 a5 69.h5 Kf6 70.Qa8 Qe3
71.Qf8+ Ke5 72.Qg7+ Kd6 73.Qg2 Qd3+ 74.Qe2 Qh3+ 75.Qg2 Qd3+ 76.Ke1 Qe3+ 77.Qe2 Qg1+
78.Kd2 Ke7 79.Kc2 Qd4 80.Qd2 Qe4+ 81.Qd3 Qg2+ 82.Qe2 f3 83.Qd2 f2 84.Be2 f1=Q
85.Bxf1 Qxf1 86.Qg5+ Kf7 87.Qg6+ Ke7 88.Qg7+ Ke8 89.h6 Qe2+ 90.Kc1 Qe1+ 91.Kb2 Qd2+
92.Kb1 Qd1+ 93.Ka2 Qd2+ 94.Ka3 Qb4+ 95.Ka2 Qd2+  1/2-1/2

[Event "Eurodata+"]
[Site "Budapest"]
[Date "1992.??.??"]
[Round "3"]
[White "Cladouras, Panagiotis"]
[Black "Horvath, Csaba"]
[Result "0-1"]
[WhiteElo "2335"]
[BlackElo "2515"]

1.e4 c5 2.Nf3 e6 3.d4 cxd4 4.Nxd4 a6 5.Nc3 Qc7 6.Be2 Nf6 7.O-O Nc6 8.Be3 Bb4
9.Nxc6 bxc6 10.Qd4 Bd6 11.h3 Rb8 12.Rab1 O-O 13.f4 e5 14.Qd2 Re8 15.Bd3 exf4
16.Bxf4 Bxf4 17.Rxf4 Qe5 18.b3 d6 19.Rbf1 a5 20.Ne2 Qg5 21.h4 Qc5+ 22.Kh1 Be6
23.Ng3 Ng4 24.Be2 Ne5 25.h5 h6 26.c3 Rbd8 27.Nf5 Bxf5 28.Rxf5 Qa7 29.Qd4 Qe7
30.Qf2 Rd7 31.Kg1 Qd8 32.Qd4 Rde7 33.a4 Qb8 34.b4 axb4 35.cxb4 Qa7 36.Qxa7 Rxa7
37.a5 Rb8 38.Rd1 Rxb4 39.Rxd6 Rxa5 40.Rxe5 Rxe5 41.Rxc6 Rbxe4 42.Bf3 Rf4
43.Rc8+ Kh7 44.Rc7 f6  0-1

[Event "Elekes mem"]
[Site "Budapest"]
[Date "1992.??.??"]
[Round "6"]
[White "Tolnai, Tibor"]
[Black "Schlosser, Philipp"]
[Result "1/2-1/2"]
[WhiteElo "2490"]
[BlackElo "2485"]

1.e4 c5 2.Nf3 e6 3.d4 cxd4 4.Nxd4 a6 5.Nc3 d6 6.Be3 b5 7.g4 Bb7 8.Bg2 Nd7
9.g5 Ne5 10.h4 h6  1/2-1/2

[Event "Eurodata"]
[Site "Budapest"]
[Date "1992.??.??"]
[Round "7"]
[White "Brunner, Lucas"]
[Black "Lau, Ralf"]
[Result "1/2-1/2"]
[WhiteElo "2490"]
[BlackElo "2520"]

1.e4 c5 2.Nf3 e6 3.d4 cxd4 4.Nxd4 a6 5.Nc3 Qc7 6.Be2 b5 7.O-O Bb7 8.Bf3 Nc6
9.Nxc6 dxc6 10.Qe2 e5 11.a4 Nf6 12.axb5 axb5 13.Rxa8+ Bxa8 14.Be3 Be7 15.Nb1 O-O
16.c4 bxc4 17.Nd2 c3 18.bxc3 Bb7 19.Ra1 Nd7 20.Qc4 Ra8 21.Rxa8+ Bxa8 22.Bd1 Nf8
23.Qa2 Bb7 24.Bb3 Bf6 25.Nc4 Bc8 26.Bb6 Qb8 27.Ba7 Qc7 28.Bc5 Be6 29.Qa8 Qd8
30.Qxd8 Bxd8 31.Bd6 f6 32.Nd2 Bxb3 33.Nxb3  1/2-1/2

[Event "Eurodata"]
[Site "Budapest"]
[Date "1992.??.??"]
[Round "9"]
[White "Brunner, Lucas"]
[Black "Horvath, Csaba"]
[Result "0-1"]
[WhiteElo "2490"]
[BlackElo "2515"]

1.e4 c5 2.Nf3 e6 3.d4 cxd4 4.Nxd4 a6 5.Nc3 Qc7 6.Bd3 Nc6 7.Nxc6 dxc6 8.f4 b5
9.a4 Bb7 10.O-O Nf6 11.e5 Nd7 12.Ne4 c5 13.Ng5 c4 14.Bxh7 g6 15.Qg4 Bc5+
16.Kh1 Nf8 17.Bxg6 Nxg6 18.f5 Qxe5 19.h3 exf5 20.Rxf5 Qe1+ 21.Kh2 Bg1+  0-1

[Event "Wch U20"]
[Site "Buenos Aires"]
[Date "1992.??.??"]
[Round "?"]
[White "Playa, Marcelo"]
[Black "Bezold, Michael"]
[Result "1/2-1/2"]
[WhiteElo "2380"]
[BlackElo "2490"]

1.e4 c5 2.Nc3 e6 3.Nf3 a6 4.d4 cxd4 5.Nxd4 Qc7 6.g3 b5 7.Bg2 Bb7 8.O-O b4
9.Nce2 Nf6 10.Qd3 Be7 11.c4 d6 12.Bd2 Nbd7 13.Bxb4 Ne5 14.Qc2 a5 15.Nb5 Qb6
16.Bc3 O-O 17.b3 Rfc8 18.Rad1 Ned7 19.Nf4 a4 20.Qe2 e5 21.Nd5 Nxd5 22.exd5 axb3
23.axb3 Ba6 24.Bd2 Bxb5 25.cxb5 Rcb8 26.Ra1 Rxa1 27.Rxa1 Nc5 28.b4 Nb3 29.Be3 Qxb5
30.Qxb5 Rxb5 31.Ra8+ Bf8 32.f4 e4 33.Bxe4 Rxb4 34.Bxh7+ Kxh7 35.Rxf8 Rb5
36.Rxf7 Rxd5 37.Kf2 Nd2 38.h3 Ne4+ 39.Kf3 Nf6 40.g4 Rd3 41.Ke2 Ra3 42.f5 Kg8
43.Rb7 Nd5 44.Bd4 Nf4+ 45.Ke1 Nxh3 46.Rxg7+ Kf8 47.Rg6 Rg3 48.Bg7+ Kf7 49.Bh6 Rg1+
50.Kd2 Nf2 51.g5 Ng4 52.Rg7+ Kf8 53.f6 Rh1 54.Rh7+ Nxh6 55.Rxh6 Rf1 56.Rh7 Kg8
57.Rg7+ Kh8 58.Rd7 Rf5 59.Rd8+ Kh7 60.Ke3 Kg6 61.Rg8+ Kh7 62.Rg7+ Kh8 63.Ke4 Rf1
64.Kd5 Rxf6  1/2-1/2

[Event "Wch U20"]
[Site "Buenos Aires"]
[Date "1992.??.??"]
[Round "?"]
[White "Nielsen, Peter Heine"]
[Black "De la Riva Aguado, Oscar"]
[Result "1-0"]
[WhiteElo "2465"]
[BlackElo "2400"]

1.e4 c5 2.Nf3 e6 3.Nc3 a6 4.d4 cxd4 5.Nxd4 Qc7 6.Bd3 Nc6 7.Nxc6 bxc6 8.O-O Nf6
9.Qe2 e5 10.f4 Bd6 11.f5 Be7 12.Kh1 Bb7 13.Bd2 d5 14.Rae1 Nd7 15.Qf3 Nb6
16.a4 d4 17.a5 Nc8 18.Na4 c5 19.b3 Bc6 20.Qg3 c4 21.Qxg7 Rf8 22.Be2 Bxa4
23.bxa4 Rb8 24.Rb1 Rxb1 25.Rxb1 d3 26.cxd3 c3 27.Rc1 c2 28.d4 Ba3 29.Bxa6 Na7
30.Bh6 exd4 31.h3 Qxa5 32.Rxc2 Bd6 33.Qxd4 Qxa6 34.e5 Ba3 35.Rd2 Qc8 36.Qxa7 Rg8
37.Rd1 Bc5 38.Qa5 Ke7 39.Rc1 Qc6 40.Qxc5+  1-0

[Event "Wch U20"]
[Site "Buenos Aires"]
[Date "1992.??.??"]
[Round "?"]
[White "Playa, Marcelo"]
[Black "Stefansson, Hannes"]
[Result "0-1"]
[WhiteElo "2380"]
[BlackElo "2500"]

1.e4 c5 2.Nf3 e6 3.d4 cxd4 4.Nxd4 a6 5.Nc3 Qc7 6.g3 b5 7.Bg2 Bb7 8.O-O b4
9.Nce2 Nf6 10.Qd3 Be7 11.c4 bxc3 12.Nxc3 O-O 13.b3 Nc6 14.Bb2 Rfd8 15.Rac1 Qa5
16.Na4 Rac8 17.a3 d5 18.Bc3 Qc7 19.Nxc6 Bxc6 20.Qxa6 Bxa3 21.Ba5 Bb7 22.Qa7 Qxc1
23.Rxc1 Rxc1+ 24.Bf1 Rd7 25.Nb6 Re7 26.Bd2 Ra1 27.e5 Ne8 28.b4 d4 29.Nc8 Rc7
30.Qxd4 Rd1 31.Nd6 Nxd6 32.exd6 Rcc1 33.Bxc1 Rxd4 34.Bxa3 Rxd6 35.b5 Rd1
36.f4 Be4 37.Kf2 Bd3 38.Bxd3 Rxd3 39.Bc5 Rd5 40.Be3 Rxb5 41.Kf3 f6  0-1

[Event "FMDA tt"]
[Site "Buenos Aires"]
[Date "1992.??.??"]
[Round "3"]
[White "Fernandez Murga, Roberto"]
[Black "Spangenberg, Hugo"]
[Result "1/2-1/2"]
[WhiteElo "2260"]
[BlackElo "2305"]

1.e4 c5 2.Nf3 e6 3.d4 cxd4 4.Nxd4 a6 5.Nc3 Qc7 6.g3 Bb4 7.Ne2 Nf6 8.Bg2 Be7
9.O-O d6 10.b3 O-O 11.Bb2 Nc6 12.Nf4 b5 13.Qd2 Bb7 14.a4 b4 15.Na2 Rab8 16.Rfe1 a5
17.c4 bxc3 18.Bxc3 Rfc8 19.Rac1 Qb6 20.Rb1 Qa7 21.h3 Nd7 22.Nh5 e5 23.g4 Nc5
24.Ng3 g6 25.Bf1 Ba6 26.Bxa6 Qxa6 27.b4 Nxa4 28.bxa5 Rxb1 29.Rxb1 Nxc3 30.Qxc3 Nd4
31.Nb4 Rxc3 32.Nxa6 Ra3 33.Rb8+ Kg7 34.Nc7 Nf3+ 35.Kg2 Nh4+ 36.Kg1 Ra1+ 37.Kh2 Rxa5
38.Ne8+ Kh6 39.Rb7 Ra2 40.Kg1 Ra1+ 41.Kh2 Nf3+ 42.Kg2 Ne1+ 43.Kh2 Bh4 44.Nxd6 Nf3+
45.Kg2 Ne1+  1/2-1/2

[Event "Calcutta"]
[Site "Calcutta"]
[Date "1992.??.??"]
[Round "3"]
[White "Sareen, Vishal"]
[Black "Vyzmanavin, Alexey"]
[Result "0-1"]
[WhiteElo "2320"]
[BlackElo "2590"]

1.e4 c5 2.Nf3 e6 3.d4 cxd4 4.Nxd4 a6 5.Nc3 Qc7 6.Be2 b5 7.O-O Bb7 8.Re1 Nc6
9.Bf1 Nf6 10.Nxc6 Qxc6 11.e5 b4 12.Ne2 Nd5 13.a3 Qb6 14.axb4 Bxb4 15.c3 Bc5
16.Nd4 O-O 17.Qg4 f5 18.exf6 Rxf6 19.Bg5 Rf7 20.b4 Bd6 21.Bd3 Raf8 22.Qh4 h6
23.Ra2 Bf4 24.Bxf4 Rxf4 25.Qh5 Nxc3 26.Qg6 Qxd4 27.Qh7+ Kf7 28.Rd2 Ke7 29.Rf1 Rg4
30.g3 Qd5  0-1

[Event "Calcutta"]
[Site "Calcutta"]
[Date "1992.??.??"]
[Round "5"]
[White "Singh, Pritam"]
[Black "Kiran, Pandit Rao"]
[Result "0-1"]
[WhiteElo "2310"]
[BlackElo "2290"]

1.e4 c5 2.Nf3 e6 3.d4 cxd4 4.Nxd4 a6 5.Nc3 Qc7 6.Be2 b5 7.O-O Bb7 8.a3 Nf6
9.Qd3 d6 10.f4 Nbd7 11.Bf3 Be7 12.Kh1 O-O 13.Bd2 Nb6 14.Rae1 Nc4 15.Bc1 Rac8
16.Nde2 e5 17.b3 Nb6 18.Bb2 Rfd8 19.Qe3 Re8 20.Ng3 Bf8 21.fxe5 Rxe5 22.Qf4 Rc5
23.Re3 Nbd7 24.Nf5 Ne5 25.Bd1 g6 26.Nxd6 Qxd6 27.Qxf6 Qd4 28.Na4 Qxe3 29.Nxc5 Bg7
30.Qe7 Qxc5 31.Qxb7 Rd8 32.Bxe5 Qxe5 33.Qxf7+ Kh8 34.Bf3 Qb2 35.Qc7 Rf8 36.Qc5 h6
37.g3 Kh7  0-1

[Event "Calcutta"]
[Site "Calcutta"]
[Date "1992.??.??"]
[Round "10"]
[White "Sahu, Sekhar Chandra"]
[Black "Hamid, Rani"]
[Result "1-0"]
[WhiteElo "2425"]
[BlackElo "2105"]

1.e4 c5 2.Nf3 e6 3.d4 cxd4 4.Nxd4 a6 5.Nc3 Qc7 6.Be3 Nf6 7.Bd3 Bb4 8.O-O O-O
9.Kh1 d6 10.f4 Nbd7 11.Nce2 Bc5 12.Rf3 b5 13.Rh3 Bb7 14.Ng3 Qb6 15.e5 dxe5
16.fxe5 Nxe5 17.Bxh7+ Nxh7 18.Qh5 f6 19.Qxh7+ Kf7 20.Nh5 Ke7 21.c3 b4 22.Rg3 bxc3
23.bxc3 Bd5 24.Rxg7+ Kd6 25.Bf4 Rad8 26.Rb1 Qa5 27.Rgb7 Bxb7 28.Qxb7 Rc8
29.Nf5+ exf5 30.Rd1+ Ke6 31.Ng7+  1-0

[Event "Caciulata"]
[Site "Calimanesti"]
[Date "1992.??.??"]
[Round "?"]
[White "Maksimenko, Andrei"]
[Black "Lupu, Mircea Sergiu"]
[Result "1-0"]
[WhiteElo "2455"]
[BlackElo "2415"]

1.d4 e6 2.Nf3 c5 3.e4 cxd4 4.Nxd4 a6 5.Nc3 Nc6 6.f4 Qc7 7.Be2 b5 8.Nxc6 Qxc6
9.Bf3 Bb7 10.O-O b4 11.Ne2 Nf6 12.Nd4 Bc5 13.e5 Nd5 14.Kh1 Qb6 15.Nb3 Be7
16.f5 Rc8 17.Qd3 Qc7 18.Qe4 Qxc2 19.Qg4 g6 20.fxe6 fxe6 21.Bh6 Qxb2 22.Na5 Rc7
23.Nxb7 Qxe5 24.Rae1 Nf6 25.Qh3 Qb2 26.Qg3 Qc3 27.Rc1 Nh5  1-0

[Event "Caciulata"]
[Site "Calimanesti"]
[Date "1992.??.??"]
[Round "?"]
[White "Lanka, Zigurds"]
[Black "Ionescu, Cristian"]
[Result "1-0"]
[WhiteElo "2490"]
[BlackElo "2280"]

1.e4 c5 2.Nf3 e6 3.d4 cxd4 4.Nxd4 a6 5.Nc3 b5 6.Bd3 Bb7 7.O-O Nc6 8.Nxc6 dxc6
9.Qe2 Nf6 10.e5 Nd7 11.Bf4 Qc7 12.a4 b4 13.Ne4 c5 14.Rfe1 Qc6 15.a5 Be7 16.b3 h6
17.Bg3 h5 18.h4 O-O-O 19.f3 Kb8 20.Rad1 Ka7 21.Qe3 f6 22.c3 Nxe5 23.Bxe5 fxe5
24.cxb4 Rd4 25.Rc1 Qd7 26.Bb1 cxb4 27.Nc5 Bxc5 28.Rxc5 Rc8 29.Rxe5 Rc3 30.Qf2 Kb8
31.Rxe6 Rd1 32.Rxd1 Qxd1+ 33.Re1 Qd6 34.Kh1 Rxb3 35.Re8+ Kc7 36.Qe1  1-0

[Event "Calimanesti (Women)"]
[Site "Calimanesti"]
[Date "1992.??.??"]
[Round "?"]
[White "Cosma, Elena Luminita"]
[Black "Baciu Ionescu, Otilia"]
[Result "1-0"]
[WhiteElo "2250"]
[BlackElo "2065"]

1.e4 c5 2.Nc3 e6 3.Nf3 a6 4.d4 cxd4 5.Nxd4 d6 6.g3 Nf6 7.Bg2 Be7 8.O-O Qc7
9.a4 Nc6 10.Nb3 O-O 11.a5 Nb4 12.Bf4 Bd7 13.Qd2 Rac8 14.Rfd1 e5 15.Be3 Bg4
16.Re1 Qc4 17.Ra4 d5 18.exd5 Bd7 19.Bf1 Qg4 20.h3 Qh5 21.d6 Bxd6 22.Qxd6 Bxa4
23.Qxb4 Bd7 24.Qh4 Qxh4 25.gxh4 Bc6 26.Nc5 Nh5 27.Bg2 Nf4 28.Bxc6 Rxc6 29.b4 Ng6
30.Nd5 Rd6 31.c4 Nxh4 32.Nxb7 Rg6+ 33.Kf1 Re8 34.c5 Rc6 35.Nd6 Re6 36.Ke2 Kf8
37.Ra1 f5 38.b5 axb5 39.a6  1-0

[Event "Caciulata"]
[Site "Calimanesti"]
[Date "1992.??.??"]
[Round "?"]
[White "Moldovan, Daniel"]
[Black "Marin, Mihail"]
[Result "1/2-1/2"]
[WhiteElo "2450"]
[BlackElo "2525"]

1.e4 c5 2.Nc3 e6 3.Nf3 a6 4.d4 cxd4 5.Nxd4 d6 6.f4 b5 7.Bd3 Bb7 8.O-O b4
9.Na4 Nf6 10.Qe2 Be7 11.c4 Nc6 12.Nf3 Nd7 13.Be3 e5 14.Rad1 exf4 15.Bxf4 Qa5
16.b3 Nce5 17.Bb1 Bc6 18.Nb2 O-O 19.Nd4 g6 20.Nxc6 Nxc6 21.Rd5 Qc7 22.Kh1 Nce5
23.c5 Nxc5 24.Rc1 Bf6 25.Nc4 Ne6 26.Bh6 Rfc8 27.Nxe5 Qxc1+ 28.Bxc1 Rxc1+
29.Rd1 Rxd1+ 30.Qxd1 Bxe5 31.Bd3 a5 32.Bc4 Rc8 33.g3 Rxc4 34.bxc4 Nc5 35.Qb1 Kg7
36.Kg2 Bc3 37.Qd1 Be5 38.Qb1 Bc3 39.Qd1 a4 40.Qxd6 b3 41.axb3 a3 42.e5 a2  1/2-1/2

[Event "CAN-ch"]
[Site "CAN"]
[Date "1992.??.??"]
[Round "7"]
[White "Hall, John"]
[Black "Livshits, Ron"]
[Result "0-1"]
[WhiteElo "2305"]
[BlackElo "2310"]

1.e4 c5 2.Nf3 e6 3.Nc3 a6 4.d4 cxd4 5.Nxd4 d6 6.Be2 Nf6 7.O-O Be7 8.f4 Qc7
9.Kh1 O-O 10.Be3 b5 11.a3 Bb7 12.Bf3 Nbd7 13.Nb3 Rfe8 14.Qe1 Rac8 15.Rd1 Bf8
16.g4 d5 17.e5 Nxg4 18.Nd4 Nxe3 19.Qxe3 Nb6 20.Nce2 Nc4 21.Qc1 g6 22.Rg1 Bh6
23.Rg4 Nxe5 24.Rh4 Nxf3 25.Rxh6 Nxd4 26.Nxd4 e5 27.fxe5 Qxe5 28.Rd3  0-1

[Event "Cannes op"]
[Site "Cannes"]
[Date "1992.??.??"]
[Round "?"]
[White "Badii, Madjid"]
[Black "Birmingham, Eric"]
[Result "1-0"]
[WhiteElo "2260"]
[BlackElo "2345"]

1.e4 c5 2.Nf3 e6 3.d4 cxd4 4.Nxd4 a6 5.Nc3 Qc7 6.g3 Bb4 7.Bd2 Nf6 8.Bg2 Nc6
9.Nxc6 bxc6 10.O-O O-O 11.Nb5 Qa5 12.c3 Be7 13.c4 Qb6 14.Be3 Qb8 15.Nc3 Qxb2
16.Na4 Qe5 17.Nb6 Rb8 18.Bf4 Qc5 19.Bxb8 Qxb6 20.Bd6 Bxd6 21.Qxd6 Ne8 22.Qa3 c5
23.Rab1 Qc7 24.f4 f6 25.Qb2 Nd6 26.Qb8 Qxb8 27.Rxb8 Kf7 28.e5 Nf5 29.Rfb1 fxe5
30.fxe5 Ne3 31.Re1 Nf5 32.g4  1-0

[Event "Cannes op"]
[Site "Cannes"]
[Date "1992.??.??"]
[Round "?"]
[White "Tatai, Stefano"]
[Black "Esain Manresa, Miguel"]
[Result "1-0"]
[WhiteElo "2410"]
[BlackElo "2260"]

1.e4 c5 2.Nf3 e6 3.d4 cxd4 4.Nxd4 a6 5.Nc3 Qc7 6.g3 Nc6 7.Bg2 Nf6 8.O-O Be7
9.Re1 O-O 10.Nxc6 dxc6 11.e5 Rd8 12.Qf3 Nd5 13.h4 Nb4 14.Qe2 c5 15.Bg5 Bxg5
16.hxg5 Bd7 17.Be4 Bc6 18.f4 Rd4 19.Bxc6 Nxc6 20.Ne4 Ne7 21.c3 Rd5 22.Kf2 Rad8
23.Rad1 Rxd1 24.Rxd1 Rxd1 25.Qxd1 Nd5 26.c4 Ne7 27.Qd6  1-0

[Event "Cappelle op"]
[Site "Cappelle la Grande"]
[Date "1992.??.??"]
[Round "9"]
[White "Lanka, Zigurds"]
[Black "Vyzmanavin, Alexey"]
[Result "1-0"]
[WhiteElo "2490"]
[BlackElo "2590"]

1.e4 c5 2.Nf3 e6 3.d4 cxd4 4.Nxd4 a6 5.Nc3 Qc7 6.Bd3 Nf6 7.f4 d6 8.Qf3 g6
9.Be3 Bg7 10.h3 O-O 11.O-O Nbd7 12.Qf2 b5 13.a3 Bb7 14.Nb3 Rac8 15.Qh4 Nc5
16.f5 Ncd7 17.Rf2 Rce8 18.fxe6 fxe6 19.Raf1 d5 20.exd5 Nxd5 21.Nxd5 Bxd5
22.Rxf8+ Nxf8 23.Nc5 Nd7 24.b4 Nxc5 25.Bxc5 Qc6 26.Qg5 e5 27.Rd1 Bf6 28.Qg3 Kg7
29.Qf2 Be7 30.Bxe7 Rxe7 31.h4 Qe6 32.Be2 Be4 33.Rf1 Re8 34.h5 gxh5 35.Bxh5 Bg6
36.Be2 Qc6 37.Bg4 Rd8 38.Qa7+ Kg8 39.Qe7 Re8 40.Be6+ Qxe6 41.Rf8+ Rxf8 42.Qxe6+ Kg7
43.Qxe5+  1-0

[Event "JUG-chT"]
[Site "Cetinje"]
[Date "1992.??.??"]
[Round "?"]
[White "Knezevic, Bojan"]
[Black "Stanimirovic, Aleksandar"]
[Result "1-0"]
[WhiteElo "2310"]
[BlackElo "2355"]

1.e4 c5 2.Nf3 e6 3.Nc3 a6 4.d4 cxd4 5.Nxd4 Qc7 6.f4 d6 7.Be2 Nf6 8.O-O Be7
9.Qe1 O-O 10.Be3 Nc6 11.Qg3 Bd7 12.Kh1 b5 13.e5 dxe5 14.fxe5 Nxd4 15.Bxd4 Nd5
16.Nxd5 exd5 17.Bd3 Be6 18.c3 Rfe8 19.b4 a5 20.Bxb5 Reb8 21.a4 axb4 22.cxb4 Bxb4
23.Rac1 Qe7 24.Bc6 Ra5 25.Qe3 Ra6 26.Qb3 Qd8 27.Bb5 Be7 28.Qf3 Raa8 29.Rc6 Kh8
30.Rfc1 Rc8 31.h3 Rxc6 32.Rxc6 Bd7 33.Bb6 Qe8 34.Qxd5 Bxc6 35.Bxc6 Rd8 36.Bxd8 Qxd8
37.Qxf7 Bh4 38.Bd7 Bg3 39.e6 Qb8 40.Bb5 Qc8 41.e7  1-0

[Event "JUG-chT"]
[Site "Cetinje"]
[Date "1992.??.??"]
[Round "?"]
[White "Lajthajm, Borko"]
[Black "Miladinovic, Igor"]
[Result "1/2-1/2"]
[WhiteElo "2345"]
[BlackElo "2415"]

1.e4 c5 2.Nf3 e6 3.d4 cxd4 4.Nxd4 a6 5.Nc3 Qc7 6.Bd3 Ne7 7.O-O Nec6 8.Be3 Nxd4
9.Bxd4 Nc6 10.Be3 Ne5 11.f4 Nc4 12.Bxc4 Qxc4 13.f5 Bc5 14.Qf3 d6 15.Kh1 Bd7
16.Bxc5 Qxc5 17.Rad1 Rd8 18.Qg3 Qe5 19.Qg4 b5 20.a3 a5 21.Qf4 Qxf4 22.Rxf4 Bc6
23.Kg1 Ke7 24.Rdf1 Be8 25.Kf2 Rc8 26.Rc1 Bd7 27.Ke3 Rc4 28.fxe6 fxe6 29.Rcf1 Be8
30.R1f2 Rc5 31.Kd2 g5 32.R4f3 Bg6 33.Re3 Rhc8 34.Kd1 Re5 35.Kd2 b4 36.axb4 axb4
37.Na2 Rc4 38.c3 b3 39.Nc1 Bxe4 40.Rfe2 Rd5+ 41.Ke1 Bc2 42.Rxe6+ Kd7 43.Re7+ Kc6
44.Rd2 Rh4 45.h3 g4 46.Ne2 Re5 47.Rxe5 dxe5 48.Ng1 gxh3 49.gxh3 Kc5 50.Kf2 Ra4
51.Nf3 e4 52.Nd4 Ra2 53.Ke3 Rxb2  1/2-1/2

[Event "JUG-chT"]
[Site "Cetinje"]
[Date "1992.??.??"]
[Round "?"]
[White "Savicevic, Vlatko"]
[Black "Stanimirovic, Aleksandar"]
[Result "1-0"]
[WhiteElo "2270"]
[BlackElo "2355"]

1.e4 c5 2.Nf3 e6 3.d4 cxd4 4.Nxd4 a6 5.Nc3 Qc7 6.g3 Nf6 7.Bg2 Be7 8.O-O d6
9.a4 O-O 10.a5 Nbd7 11.f4 Rb8 12.Kh1 b6 13.e5 Nd5 14.Nxd5 exd5 15.e6 Nc5
16.exf7+ Rxf7 17.Bxd5 Bb7 18.Qf3 Kh8 19.Nc6 Bxc6 20.Bxc6 bxa5 21.Bd5 Rff8
22.g4 Bf6 23.Ra2 Bg5 24.Qg2 Bxf4 25.Bxf4 Nd3  1-0

[Event "JUG-chT"]
[Site "Cetinje"]
[Date "1992.??.??"]
[Round "?"]
[White "Ivanovic, Bozidar"]
[Black "Barlov, Dragan"]
[Result "1/2-1/2"]
[WhiteElo "2470"]
[BlackElo "2475"]

1.e4 c5 2.Nf3 a6 3.Nc3 e6 4.d4 cxd4 5.Nxd4 Nc6 6.Be3 Nf6 7.Bd3 d5 8.exd5 Nxd5
9.Nxd5 Qxd5 10.Nxc6 Qxc6 11.O-O Qc7 12.Bd4 Bd7 13.Qf3 Bd6 14.Bxg7 Rg8 15.Qf6 Bxh2+
16.Kh1 Qf4 17.g3 Qg4 18.Kxh2 Qxg7  1/2-1/2